[Event "Bad Woerishofen op"]
[Site "?"]
[Date "2003.??.??"]
[Round "1"]
[White "Emami, Madjid"]
[Black "Buchner, Rudolf"]
[Result "0-1"]
[WhiteElo "2018"]
[BlackElo "2301"]
[Annotator "ChessOrg"]
[PlyCount "66"]

1. Nf3 Nf6 2. g3 g6 3. Bg2 Bg7 4. O-O d5 5. d3 O-O 6. Nbd2 c5 7. c3 Nc6 8. Qc2
e5 9. a3 a5 10. a4 Re8 11. e4 h6 12. exd5 Nxd5 13. Nc4 Bf5 14. Nfd2 Nb6 15.
Nxb6 Qxb6 16. Nc4 Qa6 17. Qb3 Rad8 18. Be3 Bxd3 19. Nb6 Bf8 20. Rfd1 e4 21. Bf4
Nb4 22. cxb4 Qxb6 23. b5 c4 24. Qc3 Bg7 25. Be3 Bxc3 26. Bxb6 Bxb2 27. Ra2 Rd6
28. Bxa5 c3 29. Re1 b6 30. Bb4 Rd4 31. Rxb2 cxb2 32. Bc3 Rxa4 33. Bxb2 Rb4 0-1

[Event "Bad Woerishofen op"]
[Site "?"]
[Date "2003.??.??"]
[Round "1"]
[White "Meier, Volker"]
[Black "Hajenius, Willem"]
[Result "1-0"]
[WhiteElo "2294"]
[BlackElo "2017"]
[Annotator "ChessOrg"]
[PlyCount "41"]

1. e4 c5 2. Nf3 Nf6 3. e5 Nd5 4. d4 cxd4 5. Qxd4 e6 6. Bc4 Nc6 7. Qe4 f5 8. Qe2
Nb6 9. Bb3 Na5 10. Nc3 Be7 11. Bf4 O-O 12. h4 Nxb3 13. axb3 a6 14. Rd1 Qc7 15.
Ng5 Qc6 16. Qh5 Bxg5 17. hxg5 Nd5 18. Qxh7+ Kf7 19. g6+ Ke8 20. Nxd5 exd5 21.
Qxg7 1-0

[Event "Bad Woerishofen op"]
[Site "?"]
[Date "2003.??.??"]
[Round "1"]
[White "Laurent, Michel"]
[Black "Pfrommer, Christoph"]
[Result "0-1"]
[WhiteElo "2012"]
[BlackElo "2290"]
[Annotator "ChessOrg"]
[PlyCount "80"]

1. b3 Nf6 2. Bb2 g6 3. e4 d6 4. f4 Bg7 5. Nf3 O-O 6. d3 c5 7. Nbd2 Nc6 8. c3 e5
9. fxe5 dxe5 10. g3 Be6 11. Qe2 b5 12. Bg2 Qd6 13. Rd1 Rfd8 14. Nb1 b4 15. O-O
a5 16. Kh1 a4 17. d4 Nxe4 18. Qxe4 bxc3 19. Nxc3 cxd4 20. Nb5 Qc5 21. Nc7 Bf5
22. Qh4 Rac8 23. Ng5 h6 24. Ne4 Bxe4 25. Bxe4 Rxc7 26. Rc1 Qd6 27. b4 Nxb4 28.
Rxc7 Qxc7 29. Rc1 Qd7 30. Ba3 Nd5 31. Rf1 f5 32. Bd3 Ne3 33. Rf2 e4 34. Bb5 Qd5
35. Qe7 Ng4 36. Rc2 Bf6 37. Qc7 Qxb5 38. Kg1 d3 39. Rb2 Qd7 40. Qc4+ Qd5 0-1

[Event "Bad Woerishofen op"]
[Site "?"]
[Date "2003.??.??"]
[Round "1"]
[White "Pitl, Gregory"]
[Black "Weiland, Guenther"]
[Result "1-0"]
[WhiteElo "2280"]
[BlackElo "2007"]
[Annotator "ChessOrg"]
[PlyCount "63"]

1. e4 g6 2. d4 Bg7 3. Nc3 d6 4. Be3 a6 5. Qd2 b5 6. f3 Nd7 7. a4 b4 8. Nd1 a5
9. c3 bxc3 10. bxc3 e6 11. Nh3 Ne7 12. Bd3 Ba6 13. Bxa6 Rxa6 14. O-O O-O 15.
Bg5 Re8 16. Ne3 Qa8 17. Rae1 f6 18. Bh4 Nf8 19. Ng4 g5 20. Bxg5 fxg5 21. Qxg5
Neg6 22. f4 Qd8 23. Qxd8 Rxd8 24. f5 h5 25. Ne3 Nh8 26. Nf4 exf5 27. exf5 Bh6
28. Nxh5 Bxe3+ 29. Rxe3 d5 30. Rf4 Rd7 31. Rg4+ Kh7 32. Rh3 1-0

[Event "Bad Woerishofen op"]
[Site "?"]
[Date "2003.??.??"]
[Round "1"]
[White "Willin, Bernhard"]
[Black "Schuette, Manfred"]
[Result "0-1"]
[WhiteElo "2005"]
[BlackElo "2280"]
[Annotator "ChessOrg"]
[PlyCount "80"]

1. Nf3 Nf6 2. c4 g6 3. Nc3 Bg7 4. d4 O-O 5. Bf4 d6 6. h3 Nbd7 7. e3 c6 8. Be2
Qe8 9. Bh2 e5 10. O-O Qe7 11. c5 Ne8 12. cxd6 Nxd6 13. d5 c5 14. Nd2 Nf6 15.
Nc4 Nfe8 16. a4 Bd7 17. Qc2 b6 18. Rad1 Nxc4 19. Bxc4 Nd6 20. b3 f5 21. f3 Rad8
22. e4 f4 23. Ba6 h5 24. Ra1 g5 25. Be2 a5 26. Nd1 g4 27. fxg4 hxg4 28. Bxg4
Bxg4 29. hxg4 Qh4 30. Rf3 Qxg4 31. Kf1 Qg6 32. Nf2 Rc8 33. Rb1 Bf6 34. Rh3 Rf7
35. Ke2 Rh7 36. Rg1 c4 37. Kf1 Rhc7 38. g3 f3 39. Qc3 cxb3 40. Qxf3 b2 0-1

[Event "Bad Woerishofen op"]
[Site "?"]
[Date "2003.??.??"]
[Round "1"]
[White "Loew, Gerald"]
[Black "Flueckiger, Joerg"]
[Result "1-0"]
[WhiteElo "2270"]
[BlackElo "2000"]
[Annotator "ChessOrg"]
[PlyCount "97"]

1. c4 c5 2. g3 Nf6 3. Bg2 Nc6 4. Nc3 g6 5. a3 Bg7 6. Rb1 d6 7. b4 O-O 8. Nf3
Bf5 9. d3 Qc8 10. Bg5 h6 11. Bxf6 Bxf6 12. Nd5 Re8 13. Nxf6+ exf6 14. O-O Rb8
15. Re1 Bh3 16. Bh1 Ne5 17. Qd2 Kg7 18. Qc3 b6 19. Nd2 Ng4 20. Ne4 Qe6 21. e3
Kh7 22. Qd2 f5 23. Nc3 Nf6 24. Nd5 Nxd5 25. Bxd5 Qf6 26. Qb2 Qxb2 27. Rxb2 Kg7
28. f4 f6 29. Kf2 g5 30. b5 Bg4 31. a4 Re7 32. Ra2 Bh5 33. a5 Bf7 34. axb6 axb6
35. Rea1 Bxd5 36. cxd5 Rbb7 37. Ra8 Red7 38. R1a6 g4 39. Ke2 Kf7 40. Kd2 Kg7
41. Rc8 Ra7 42. Rc6 Kf7 43. Rcxb6 Ke7 44. Kc3 Rab7 45. Rxb7 Rxb7 46. b6 Kd8 47.
Kc4 Kc8 48. Kb5 Re7 49. Ra8+ 1-0

[Event "Bad Woerishofen op"]
[Site "?"]
[Date "2003.??.??"]
[Round "1"]
[White "Roesner, Harald"]
[Black "Medancic, Rikard"]
[Result "0-1"]
[WhiteElo "2000"]
[BlackElo "2268"]
[Annotator "ChessOrg"]
[PlyCount "77"]

1. d4 Nf6 2. Nf3 e6 3. Bf4 c5 4. c3 b6 5. e3 Bb7 6. Be2 Be7 7. h3 Nc6 8. Nbd2
d6 9. a4 cxd4 10. exd4 Nd5 11. Bh2 g5 12. Qb3 Qc7 13. c4 Nf4 14. Bxf4 gxf4 15.
d5 exd5 16. cxd5 Ne5 17. O-O O-O 18. Rac1 Qd8 19. Nxe5 dxe5 20. Bf3 Bd6 21. Nc4
f5 22. Nxd6 Qxd6 23. Rfd1 Kh8 24. a5 Rac8 25. a6 Ba8 26. Qa3 Qg6 27. Rxc8 Rxc8
28. d6 Bxf3 29. Qxf3 Rd8 30. Qd5 Qf6 31. d7 e4 32. Rc1 e3 33. fxe3 fxe3 34. Rc8
e2 35. Rxd8+ Qxd8 36. Kf2 Kg7 37. Qe5+ Kf7 38. Qxf5+ Kg7 39. Qg5+ 0-1

[Event "Bad Woerishofen op"]
[Site "?"]
[Date "2003.??.??"]
[Round "1"]
[White "Kauch, Markus"]
[Black "Mittelsteiner, Horst"]
[Result "1-0"]
[WhiteElo "2263"]
[BlackElo "1997"]
[Annotator "ChessOrg"]
[PlyCount "55"]

1. Nf3 d5 2. g3 Nf6 3. Bg2 Bg4 4. c4 Bxf3 5. Bxf3 c6 6. Qb3 Qd7 7. d4 e6 8. Nc3
Be7 9. Bf4 O-O 10. O-O h6 11. Rad1 Na6 12. e4 dxc4 13. Qxc4 Rac8 14. Rfe1 Nh7
15. h4 g5 16. hxg5 Bxg5 17. Bxg5 hxg5 18. e5 Qe7 19. Qe2 Nc7 20. Be4 Kg7 21.
Bxh7 Kxh7 22. Ne4 Kg6 23. Qd3 Kg7 24. Nf6 Rh8 25. Qd2 Kg6 26. Re4 Rh5 27. Qd3
Rch8 28. Rh4+ 1-0

[Event "Bad Woerishofen op"]
[Site "?"]
[Date "2003.??.??"]
[Round "1"]
[White "Akstinat, Sven-Holger"]
[Black "Minnebo, Alain"]
[Result "1/2-1/2"]
[WhiteElo "1987"]
[BlackElo "2262"]
[Annotator "ChessOrg"]
[PlyCount "83"]

1. e4 c5 2. d4 cxd4 3. c3 dxc3 4. Nxc3 a6 5. Nf3 b5 6. Bd3 b4 7. Na4 d6 8. Be3
Nd7 9. Rc1 Bb7 10. Nd4 Rc8 11. O-O Ngf6 12. f3 e6 13. Qe2 Rxc1 14. Rxc1 Qa8 15.
Nb3 Be7 16. Na5 O-O 17. Nxb7 Qxb7 18. Bxa6 Qb8 19. b3 d5 20. exd5 Nxd5 21. Bf2
Bd6 22. g3 h5 23. Qb5 Qd8 24. Rc8 Qe7 25. Qb7 Rxc8 26. Qxc8+ Kh7 27. Be2 h4 28.
Kg2 hxg3 29. hxg3 N7f6 30. Bc5 g6 31. Qc6 Bxc5 32. Qxc5 Qxc5 33. Nxc5 Nc3 34.
Bc4 Nxa2 35. Nd3 Nd5 36. Kf2 Nac3 37. Ke1 f6 38. Kd2 Nb1+ 39. Kc1 Nbc3 40. Kd2
Nb1+ 41. Kc1 Nbc3 42. Kd2 1/2-1/2

[Event "Bad Woerishofen op"]
[Site "?"]
[Date "2003.??.??"]
[Round "1"]
[White "Schmidt, Andreas"]
[Black "Belic, Robert"]
[Result "1/2-1/2"]
[WhiteElo "2245"]
[BlackElo "1986"]
[Annotator "ChessOrg"]
[PlyCount "104"]

1. e4 Nc6 2. d4 d6 3. f4 Nf6 4. d5 Nb8 5. Nc3 g6 6. e5 Nfd7 7. e6 fxe6 8. dxe6
Nf6 9. Bc4 c6 10. Qe2 Qa5 11. Bd2 Qf5 12. Nf3 d5 13. Nd4 Qg4 14. Bd3 Bg7 15.
Qf2 Qh5 16. Be2 Ng4 17. Qg3 Bxd4 18. Bxg4 Qh6 19. f5 Qg7 20. O-O-O Na6 21. Rhf1
h5 22. Bh3 Be5 23. Qxg6+ Qxg6 24. fxg6 Rg8 25. Rf7 Rxg6 26. Rdf1 Bf6 27. Bf5
Rxg2 28. Bh6 Rg8 29. Bh7 Rh8 30. Bg6 Kd8 31. Bg7 Bxg7 32. Rxg7 Bxe6 33. Ne2 Nc7
34. Nd4 Kd7 35. Re1 c5 36. Nxe6 Nxe6 37. Bf5 Rh6 38. Bxe6+ Rxe6 39. Rxe6 Kxe6
40. Rh7 Rf8 41. Rxh5 Rf5 42. Rh8 Rf2 43. Ra8 Ke5 44. Rxa7 Kd4 45. Rxb7 e5 46.
Rd7 e4 47. c3+ Kc4 48. b3+ Kxc3 49. Rxd5 c4 50. bxc4 Rxa2 51. Kd1 Kxc4 52. Rd2
Ra3 1/2-1/2

[Event "Bad Woerishofen op"]
[Site "?"]
[Date "2003.??.??"]
[Round "1"]
[White "Huhn, Ulrich"]
[Black "Poulsen, Martin"]
[Result "0-1"]
[WhiteElo "1980"]
[BlackElo "2244"]
[Annotator "ChessOrg"]
[PlyCount "144"]

1. d4 Nf6 2. Nc3 c5 3. Nf3 g6 4. e4 cxd4 5. Nxd4 d6 6. Bc4 Bg7 7. O-O O-O 8.
Kh1 Nc6 9. Nxc6 bxc6 10. f4 Qb6 11. Qf3 Ba6 12. Bxa6 Qxa6 13. Be3 Rab8 14. Rab1
Nd7 15. Bd2 Nb6 16. b3 Rbc8 17. Qd3 Qb7 18. Ne2 Rfd8 19. Bc3 Bf8 20. f5 d5 21.
fxg6 hxg6 22. Qf3 f6 23. Qg4 Kf7 24. Nf4 Ke8 25. Ne6 Kf7 26. Nxd8+ Rxd8 27. e5
Qd7 28. Qxd7 Nxd7 29. Rbe1 Nc5 30. exf6 e6 31. Bb4 Ne4 32. Bxf8 Rxf8 33. Re3
Nxf6 34. g4 g5 35. Re5 Rg8 36. h3 Ke7 37. Re3 Rh8 38. Kg2 Ne4 39. c4 Rh7 40.
cxd5 cxd5 41. Re2 Nc5 42. Rc2 Kd6 43. Rfc1 Nd3 44. Rc6+ Ke5 45. Rc7 Nf4+ 46.
Kf1 Rxh3 47. R1c3 Rh1+ 48. Kf2 Rh2+ 49. Kf1 Rh1+ 50. Kf2 Rh2+ 51. Kf1 Rxa2 52.
Rc2 Ra1+ 53. Rc1 Ra3 54. Re1+ Kf6 55. Rb7 a5 56. Rb1 Ra2 57. b4 axb4 58. R1xb4
Rh2 59. Ra4 Rh4 60. Kf2 Rxg4 61. Kf3 Rg1 62. Rb8 Ng6 63. Ra6 Kf5 64. Kf2 Rc1
65. Rbb6 Nf4 66. Ra5 Rc2+ 67. Ke1 g4 68. Rb8 g3 69. Rf8+ Ke4 70. Ra4+ d4 71.
Rg8 g2 72. Kd1 Rf2 0-1

[Event "Bad Woerishofen op"]
[Site "?"]
[Date "2003.??.??"]
[Round "1"]
[White "Pflug, Mathias"]
[Black "Ring, Gregor"]
[Result "1-0"]
[WhiteElo "2241"]
[BlackElo "1978"]
[Annotator "ChessOrg"]
[PlyCount "81"]

1. e4 c5 2. Nf3 d6 3. d4 cxd4 4. Nxd4 Nf6 5. Nc3 a6 6. Be3 e5 7. Nf5 d5 8. Bg5
d4 9. Bxf6 Qxf6 10. Nd5 Qd8 11. Qf3 g6 12. Ng3 Bg7 13. Qa3 Nc6 14. O-O-O Be6
15. c4 Bf8 16. Qa4 Bd6 17. f4 f6 18. f5 Bd7 19. Qb3 Rb8 20. h4 b5 21. cxb5 Rxb5
22. Bxb5 axb5 23. fxg6 hxg6 24. Rdf1 Be7 25. h5 Na5 26. Qf3 Qc8+ 27. Kb1 Nc4
28. Nxe7 Nd2+ 29. Ka1 Nxf3 30. Nxc8 Nd2 31. Rd1 Nc4 32. hxg6 Rg8 33. b3 Bxc8
34. bxc4 Rxg6 35. Rh8+ Kd7 36. Nf5 Ba6 37. Rh7+ Kd8 38. c5 Rxg2 39. Nd6 b4 40.
c6 Rc2 41. Rg1 1-0

[Event "Bad Woerishofen op"]
[Site "?"]
[Date "2003.??.??"]
[Round "1"]
[White "Eschle, Hubert"]
[Black "Babar, Frank"]
[Result "1-0"]
[WhiteElo "1969"]
[BlackElo "2240"]
[Annotator "ChessOrg"]
[PlyCount "56"]

1. d4 f5 2. c4 g6 3. Nc3 Bg7 4. Nf3 Nf6 5. e3 d6 6. Bd3 c6 7. O-O O-O 8. Qc2
Qc7 9. e4 fxe4 10. Nxe4 Bg4 11. Nfg5 Nxe4 12. Bxe4 Qd7 13. h3 Bf5 14. Be3 d5
15. Bxf5 Rxf5 16. Rac1 Na6 17. a3 Raf8 18. h4 Nc7 19. c5 e5 20. Qd2 exd4 21.
Bxd4 Bxd4 22. Qxd4 Rf4 23. Qd3 Rxh4 24. Rce1 Rg4 25. Qh3 Rd8 26. Nxh7 Rf4 27.
Qg3 Qf7 28. Ng5 Qf6 1-0

[Event "Bad Woerishofen op"]
[Site "?"]
[Date "2003.??.??"]
[Round "1"]
[White "Kunz, Konstantin"]
[Black "Santner, Thomas"]
[Result "1-0"]
[WhiteElo "2236"]
[BlackElo "1969"]
[Annotator "ChessOrg"]
[PlyCount "76"]

1. d4 Nf6 2. Nf3 g6 3. c4 Bg7 4. Nc3 O-O 5. e4 d6 6. h3 e5 7. d5 a5 8. Bg5 h6
9. Be3 Na6 10. Be2 Qe7 11. g4 Nh7 12. Qd2 g5 13. O-O-O f6 14. Rhg1 Rd8 15. h4
b6 16. Bd3 Bd7 17. Bc2 Be8 18. Ba4 Bxa4 19. Nxa4 Nc5 20. Nc3 Kf7 21. b3 Rdb8
22. Rde1 Kg6 23. Kd1 Nf8 24. Rh1 Nfd7 25. Rh2 Rh8 26. Ne2 Rag8 27. Ng3 Qd8 28.
Reh1 Nf8 29. Nf5 Rh7 30. Qe2 Nb7 31. Nd2 Nc5 32. Rh3 Rgh8 33. R1h2 Qd7 34. Kc2
Nb7 35. Nf1 Kf7 36. N1g3 Kg6 37. Nh5 Nd8 38. Nhxg7 Rxg7 1-0

[Event "Bad Woerishofen op"]
[Site "?"]
[Date "2003.??.??"]
[Round "1"]
[White "Steiger, Walfried"]
[Black "Schuette, Marc"]
[Result "0-1"]
[WhiteElo "1960"]
[BlackElo "2232"]
[Annotator "ChessOrg"]
[PlyCount "72"]

1. d4 d5 2. Nf3 Nc6 3. Nc3 Bg4 4. Bf4 e6 5. Ne5 Nxe5 6. Bxe5 f6 7. Bg3 c5 8.
Qd2 c4 9. f3 Bh5 10. Nb5 Kf7 11. e4 a6 12. Nc7 Rc8 13. exd5 exd5 14. Qa5 Ne7
15. Qb6 Kg8 16. O-O-O Bf7 17. Qxb7 Nf5 18. Nxa6 c3 19. Bd3 Nxd4 20. Bxh7+ Rxh7
21. Rxd4 cxb2+ 22. Kxb2 g5 23. c3 Be6 24. Qb5 Ra7 25. Re1 Bf7 26. h4 Rca8 27.
Nb4 Bxb4 28. Rxb4 Rxa2+ 29. Kc1 Rxg2 30. Bb8 Ra1+ 31. Rb1 Raa2 32. Qd3 gxh4 33.
Bf4 Bg6 34. Qxg6+ Rxg6 35. Rb8 Qxb8 36. Bxb8 Ra1+ 0-1

[Event "Bad Woerishofen op"]
[Site "?"]
[Date "2003.??.??"]
[Round "1"]
[White "Graf, Christian"]
[Black "Bienhuels, Franz-Josef"]
[Result "1-0"]
[WhiteElo "2231"]
[BlackElo "1927"]
[Annotator "ChessOrg"]
[PlyCount "61"]

1. e4 c5 2. Nf3 a6 3. c4 e6 4. Nc3 Qc7 5. Be2 Nc6 6. O-O Nf6 7. d3 Nd4 8. h3
Rb8 9. Be3 Nxf3+ 10. Bxf3 Bd6 11. Rc1 Bf4 12. Bxf4 Qxf4 13. d4 cxd4 14. Qxd4
O-O 15. c5 Ne8 16. Rfd1 f5 17. e5 Qg5 18. Na4 Rf7 19. Nb6 Qd8 20. Nc4 Re7 21.
Nd6 Nc7 22. Qh4 Qf8 23. Rd2 Nd5 24. Bxd5 exd5 25. Rxd5 Re6 26. b4 b6 27. cxb6
Bb7 28. Nxb7 Rxb7 29. Qc4 Kf7 30. Rd6 Qe8 31. Qd5 1-0

[Event "Bad Woerishofen op"]
[Site "?"]
[Date "2003.??.??"]
[Round "1"]
[White "Kugelmann, Joachim"]
[Black "Poettinger, Harald"]
[Result "0-1"]
[WhiteElo "1922"]
[BlackElo "2230"]
[Annotator "ChessOrg"]
[PlyCount "71"]

1. e4 e5 2. Nf3 d6 3. d4 exd4 4. Nxd4 Nf6 5. Nc3 Be7 6. Be2 O-O 7. O-O c5 8.
Nb3 Nc6 9. f4 Be6 10. Be3 a5 11. e5 dxe5 12. Qxd8 Rfxd8 13. Nxc5 Bxc5 14. Bxc5
exf4 15. Rxf4 Rd2 16. Bd3 Ne5 17. Bf5 Ng6 18. Rff1 Bxf5 19. Rxf5 Rxc2 20. Rd1
Rxb2 21. a4 Rxg2+ 22. Kxg2 Nh4+ 23. Kf1 Nxf5 24. Bb6 g6 25. Nd5 Nxd5 26. Rxd5
Ra6 27. Bf2 Kg7 28. Rd7 Re6 29. Be1 Re7 30. Bc3+ f6 31. Rd8 b6 32. Rb8 Ne3+ 33.
Kg1 Nd5 34. Bd2 g5 35. Rd8 Re5 36. Kf2 0-1

[Event "Bad Woerishofen op"]
[Site "?"]
[Date "2003.??.??"]
[Round "1"]
[White "Steinhardt, Stefan"]
[Black "Bienhuels, Michael"]
[Result "1/2-1/2"]
[WhiteElo "2230"]
[BlackElo "1912"]
[Annotator "ChessOrg"]
[PlyCount "68"]

1. e4 c5 2. Nf3 Nc6 3. Bb5 g6 4. O-O Bg7 5. c3 a6 6. Bd3 d5 7. Re1 d4 8. cxd4
cxd4 9. Bc4 e5 10. b4 Qf6 11. d3 h6 12. Qa4 Bd7 13. b5 Na7 14. Na3 Ne7 15. Qa5
b6 16. Qb4 a5 17. Qb3 O-O 18. h3 g5 19. Bd5 Nxd5 20. Qxd5 Bxh3 21. Nc4 Be6 22.
Qxe5 Qxe5 23. Nfxe5 Bxe5 24. Nxe5 Nxb5 25. a4 Nc3 26. Nc6 Bd7 27. Nxd4 Nxa4 28.
f4 f6 29. e5 fxe5 30. fxe5 Nc5 31. e6 Rfe8 32. Ba3 Nxe6 33. Nf5 Nf4 34. Ne7+
Kh7 1/2-1/2

[Event "Bad Woerishofen op"]
[Site "?"]
[Date "2003.??.??"]
[Round "1"]
[White "Mader, Sascha"]
[Black "Peschlow, Patrick"]
[Result "0-1"]
[WhiteElo "1900"]
[BlackElo "2228"]
[Annotator "ChessOrg"]
[PlyCount "96"]

1. e4 c5 2. c3 Nf6 3. e5 Nd5 4. d4 cxd4 5. cxd4 e6 6. Nc3 Nxc3 7. bxc3 Qc7 8.
Bd2 b6 9. Qg4 Bb7 10. Nf3 d6 11. exd6 Qxd6 12. Bd3 Nd7 13. O-O Nf6 14. Bb5+ Bc6
15. Qg5 Ne4 16. Qe5 Qd7 17. Qxe4 Bxe4 18. Bxd7+ Kxd7 19. Ne5+ Ke8 20. Rfe1 Bb7
21. a4 f6 22. Nd3 Kd7 23. a5 Bd6 24. f3 Bd5 25. Nf4 Rhc8 26. Nxd5 exd5 27. axb6
axb6 28. Kf2 Ra5 29. Rab1 Ra2 30. Re2 Re8 31. Rxe8 Kxe8 32. Re1+ Kd7 33. Re2
Kc6 34. Be1 Rxe2+ 35. Kxe2 Kb5 36. Kd3 Bxh2 37. g4 Bf4 38. Bh4 Kc6 39. Bf2 Kb5
40. Bh4 Ka4 41. Kc2 b5 42. Be1 g6 43. Bh4 f5 44. Be7 h5 45. gxf5 gxf5 46. Bh4
Ka3 47. Be7+ Ka2 48. Bh4 Bh2 0-1

[Event "Bad Woerishofen op"]
[Site "?"]
[Date "2003.??.??"]
[Round "1"]
[White "Huhndorf, Arnold"]
[Black "Ragsch, Klaus"]
[Result "1-0"]
[WhiteElo "2221"]
[BlackElo "1890"]
[Annotator "ChessOrg"]
[PlyCount "83"]

1. d4 d5 2. c4 e6 3. Nf3 Nf6 4. g3 c6 5. Qc2 Bd6 6. Bg2 Nbd7 7. O-O O-O 8. Nbd2
Re8 9. b3 e5 10. cxd5 cxd5 11. dxe5 Nxe5 12. Bb2 Nxf3+ 13. Nxf3 Bg4 14. Bd4 Rc8
15. Qb2 Qe7 16. Bxf6 Qxf6 17. Qxf6 gxf6 18. e3 Ba3 19. Rfd1 Red8 20. h3 Bf5 21.
Nd4 Bg6 22. Re1 Bb2 23. Rad1 Rc5 24. g4 a5 25. f4 Be4 26. Bxe4 dxe4 27. Nf5 Re8
28. Rd7 Kf8 29. Red1 Rc2 30. Rxb7 Rc1 31. Rxc1 Bxc1 32. Kf2 Ba3 33. Rc7 Bb4 34.
Ng3 Rd8 35. Nxe4 Rd1 36. Nxf6 Rd2+ 37. Kf3 Rxa2 38. Nxh7+ Kg8 39. Nf6+ Kg7 40.
g5 Rb2 41. Rc8 Bf8 42. h4 1-0

[Event "Bad Woerishofen op"]
[Site "?"]
[Date "2003.??.??"]
[Round "1"]
[White "Wiesbeck, Florian"]
[Black "Fahnenschmidt, Gerhard"]
[Result "0-1"]
[WhiteElo "1882"]
[BlackElo "2220"]
[Annotator "ChessOrg"]
[PlyCount "66"]

1. d4 Nf6 2. c4 e6 3. Bg5 c5 4. d5 h6 5. Bh4 exd5 6. cxd5 Qb6 7. Bxf6 Qxf6 8.
Nc3 d6 9. e4 a6 10. Bd3 b5 11. Qc2 b4 12. Nce2 g5 13. Nf3 Nd7 14. Ng3 g4 15.
Nd2 Ne5 16. Be2 h5 17. f4 Qxf4 18. Rf1 Qe3 19. O-O-O h4 20. Rde1 Bh6 21. Bb5+
axb5 22. Rxe3 Bxe3 23. Nf5 Bxf5 24. exf5 Rxa2 25. Kb1 Ra6 26. Re1 Bxd2 27. Qxd2
Kd7 28. Qg5 Re8 29. f6 b3 30. Re2 h3 31. gxh3 Rea8 32. Qf5+ Kd8 33. Kc1 Nf3 0-1

[Event "Bad Woerishofen op"]
[Site "?"]
[Date "2003.??.??"]
[Round "1"]
[White "Mueller, Manfred"]
[Black "Zillich, Raimar"]
[Result "0-1"]
[WhiteElo "2153"]
[BlackElo "1637"]
[Annotator "ChessOrg"]
[PlyCount "140"]

1. e4 c5 2. Nf3 e6 3. d4 cxd4 4. Nxd4 Nf6 5. Nc3 d6 6. Be2 Be7 7. O-O O-O 8.
Be3 Nc6 9. Qd2 a6 10. Rad1 Qc7 11. f3 Nxd4 12. Bxd4 e5 13. Be3 Be6 14. Kh1 Rfc8
15. Bd3 Nd7 16. f4 exf4 17. Bxf4 Ne5 18. Bxe5 dxe5 19. Nd5 Bxd5 20. exd5 Bd6
21. Qf2 Rf8 22. Qh4 g6 23. Rf3 f5 24. Rh3 Rae8 25. c4 Rf7 26. g4 e4 27. gxf5
Rxf5 28. Be2 Rf4 29. Qh6 Bf8 30. Qg5 Rf5 31. Qe3 Bc5 32. Qc3 Rf2 33. Rg1 Qe5
34. Qxe5 Rxe5 35. Bg4 e3 36. a3 e2 37. Bxe2 Rexe2 38. Rb1 Rxb2 39. Rxb2 Rxb2
40. Rd3 Bd6 41. h3 Rc2 42. Rb3 Rxc4 43. Rxb7 Rc5 44. Rb6 Rxd5 45. Rxa6 Rd3 46.
Kg2 Bxa3 47. Ra7 Bf8 48. Rb7 Rd5 49. Kf3 Rf5+ 50. Kg4 Rf7 51. Rb5 Kg7 52. Ra5
h5+ 53. Kg3 Kh6 54. Ra4 Bd6+ 55. Kg2 Rf5 56. Rc4 g5 57. Rc6 Rf6 58. Rc8 Kg7 59.
Rd8 g4 60. Rd7+ Kg6 61. Rd8 g3 62. Rg8+ Kh6 63. Rh8+ Kg5 64. Rg8+ Kh4 65. Rc8
Rf2+ 66. Kg1 Kxh3 67. Rc3 Kg4 68. Rc6 Bb4 69. Rc8 h4 70. Rg8+ Kf3 0-1

[Event "Bad Woerishofen op"]
[Site "?"]
[Date "2003.??.??"]
[Round "1"]
[White "Hanisch, Pavel"]
[Black "Fries, Werner"]
[Result "1-0"]
[WhiteElo "2144"]
[BlackElo "1612"]
[Annotator "ChessOrg"]
[PlyCount "105"]

1. e4 c6 2. d4 d5 3. Nd2 Nd7 4. Ngf3 Ndf6 5. e5 Ne4 6. Bd3 Bf5 7. Nh4 Qd7 8.
Nxf5 Qxf5 9. f3 Qg5 10. fxe4 Qxg2 11. Qf3 Qxf3 12. Nxf3 dxe4 13. Bxe4 e6 14.
Be3 h6 15. O-O-O Ne7 16. h4 b5 17. Nd2 Nd5 18. Bf2 Rc8 19. c4 Nb6 20. cxb5
cxb5+ 21. Kb1 Bb4 22. a3 Bxd2 23. Rxd2 O-O 24. Rc2 Rxc2 25. Kxc2 a5 26. Be1 a4
27. Bb4 Rc8+ 28. Bc5 Nd7 29. Kd3 Nxc5+ 30. dxc5 Rxc5 31. Kd4 Rc4+ 32. Ke3 g6
33. Rd1 Rc5 34. Kf4 Kg7 35. Bd3 f6 36. Re1 g5+ 37. hxg5 hxg5+ 38. Kg4 Rd5 39.
exf6+ Kxf6 40. Re3 Rd4+ 41. Kf3 b4 42. Bb5 bxa3 43. bxa3 Rf4+ 44. Ke2 e5 45.
Rf3 g4 46. Rxf4+ exf4 47. Bxa4 Kg5 48. Bc6 Kh4 49. Kf2 Kh3 50. Bd7 Kh4 51. a4
Kg5 52. a5 g3+ 53. Kf3 1-0

[Event "Bad Woerishofen op"]
[Site "?"]
[Date "2003.??.??"]
[Round "1"]
[White "Muench, Werner"]
[Black "Pohlers, Juergen"]
[Result "0-1"]
[WhiteElo "1608"]
[BlackElo "2144"]
[Annotator "ChessOrg"]
[PlyCount "56"]

1. d4 Nf6 2. Nf3 c5 3. e3 e6 4. Bd3 Nc6 5. c3 d5 6. Nbd2 cxd4 7. exd4 Bd6 8.
O-O Bd7 9. Re1 Qc7 10. Qe2 h5 11. Ne5 Ng4 12. Ndf3 Ncxe5 13. Nxe5 O-O-O 14. h3
Nxe5 15. dxe5 Be7 16. f4 f6 17. Be3 fxe5 18. fxe5 g5 19. Bxa7 g4 20. hxg4 hxg4
21. Qe3 Bc6 22. Bb6 Qd7 23. Bxd8 Bxd8 24. a4 Qg7 25. b4 d4 26. cxd4 Bg5 27. Qe2
Qh6 28. Rec1 Be3+ 0-1

[Event "Bad Woerishofen op"]
[Site "?"]
[Date "2003.??.??"]
[Round "1"]
[White "Spenk, Willi"]
[Black "Lindenmair, Anton"]
[Result "0-1"]
[WhiteElo "1570"]
[BlackElo "2132"]
[Annotator "ChessOrg"]
[PlyCount "74"]

1. e4 e5 2. Nf3 Nf6 3. Nxe5 d6 4. Nf3 Nxe4 5. d4 d5 6. Be2 Nc6 7. c3 Be7 8. O-O
O-O 9. Be3 Bg4 10. Nbd2 f5 11. Nxe4 dxe4 12. Ne5 Nxe5 13. dxe5 Bxe2 14. Qxe2
Qd5 15. Rfd1 Qxe5 16. Qc4+ Kh8 17. Rd5 Qe6 18. Qb3 c6 19. Rd2 Qxb3 20. axb3 f4
21. Bd4 a6 22. Bb6 Bd8 23. Bxd8 Raxd8 24. Rad1 Rxd2 25. Rxd2 Kg8 26. Rd7 b5 27.
b4 Ra8 28. Rd1 a5 29. Ra1 a4 30. Kf1 Rd8 31. Ke2 Kf7 32. g3 g5 33. Rc1 Ke6 34.
c4 Rd4 35. h4 Rxc4 36. Rxc4 bxc4 37. hxg5 fxg3 0-1

[Event "Bad Woerishofen op"]
[Site "?"]
[Date "2003.??.??"]
[Round "1"]
[White "Bischoff, Dieter"]
[Black "Harting, Andreas"]
[Result "1-0"]
[WhiteElo "2212"]
[BlackElo "1841"]
[Annotator "ChessOrg"]
[PlyCount "55"]

1. d4 d5 2. c4 c6 3. Nf3 e6 4. Qc2 Be7 5. Bf4 f5 6. e3 Nf6 7. Nc3 Nbd7 8. cxd5
Nxd5 9. Nxd5 cxd5 10. Bd3 Bb4+ 11. Ke2 O-O 12. g4 Nb6 13. Ne5 Bd6 14. h4 Bxe5
15. Bxe5 Bd7 16. gxf5 exf5 17. Rag1 Rf7 18. Rg5 Rc8 19. Qb1 Nc4 20. Bxc4 Rxc4
21. Rhg1 g6 22. h5 Bb5 23. Kf3 Rc6 24. hxg6 Rxg6 25. Rxg6+ hxg6 26. Rxg6+ Kf8
27. Qh1 Qa5 28. Re6 1-0

[Event "Bad Woerishofen op"]
[Site "?"]
[Date "2003.??.??"]
[Round "1"]
[White "Engl, Heinz"]
[Black "Prigge, Joerg"]
[Result "1-0"]
[WhiteElo "2125"]
[BlackElo "1543"]
[Annotator "ChessOrg"]
[PlyCount "65"]

1. e4 e6 2. d4 Be7 3. Nc3 b6 4. Nf3 Bb7 5. Bd3 d6 6. O-O Nd7 7. Re1 g5 8. h3 h5
9. Nh2 Nf8 10. Bb5+ Nd7 11. Be2 g4 12. hxg4 hxg4 13. Nxg4 Bg5 14. Bf3 Bxc1 15.
Qxc1 Qh4 16. g3 Qh7 17. Nb5 O-O-O 18. c4 Ngf6 19. Nxf6 Nxf6 20. Qf4 Nh5 21. Qg5
Nxg3 22. fxg3 Qh2+ 23. Kf1 Rdg8 24. Qe7 Kb8 25. Qxc7+ Ka8 26. Nxd6 Rb8 27. Nxb7
Rxb7 28. e5 Rhb8 29. Bxb7+ Rxb7 30. Qc8+ Rb8 31. Qc6+ Rb7 32. Qg2 Qh7 33. Rad1
1-0

[Event "Bad Woerishofen op"]
[Site "?"]
[Date "2003.??.??"]
[Round "1"]
[White "Natterer, Winfried"]
[Black "Schellmann, Frank"]
[Result "0-1"]
[WhiteElo "1493"]
[BlackElo "2115"]
[Annotator "ChessOrg"]
[PlyCount "88"]

1. e4 c6 2. d4 d5 3. e5 Bf5 4. Nf3 e6 5. Bd3 Bxd3 6. Qxd3 Nd7 7. O-O Ne7 8. b3
Qb6 9. Bb2 c5 10. c3 Nc6 11. Nbd2 Be7 12. Rab1 O-O 13. Rfe1 Rfc8 14. a3 Nf8 15.
b4 c4 16. Qc2 a5 17. Bc1 axb4 18. axb4 Qb5 19. Nf1 Ra4 20. Bb2 Rca8 21. h3 Nd7
22. Ne3 Nb6 23. Rf1 R8a6 24. Nd2 Na7 25. f4 Ra2 26. Nf3 Qa4 27. Qf2 Nb5 28. Ra1
Qb3 29. Rfb1 Rxa1 30. Rxa1 Rxa1+ 31. Bxa1 Nxc3 32. Bxc3 Qxc3 33. f5 Qxb4 34. f6
Bf8 35. Ng4 Qb1+ 36. Kh2 h5 37. Nh6+ gxh6 38. Nh4 Qe4 39. Qg3+ Kh7 40. Qf2 c3
41. Nf3 c2 42. Qf1 Qf4+ 43. g3 Qe3 44. Nh4 Qd2+ 0-1